Złote Antosie 2024 - Statystyki

Ogólne statystyki
  • Ten quiz został rozwiązany 31 razy
  • Średni wynik to 7 z 29
Statystyki odpowiedzi
Kategoria Zwycięzca % Poprawnych
Streamerka roku Nieuczesana
75%
Streamer roku Gucio
50%
Zwrot roku remsua i Kasix
50%
Wschodząca gwiazda Natan Zgorzyk
42%
Słowo roku Biseks (Wojciech Gola)
38%
Najlepszy streamer GTA Merghani
38%
Najlepszy Streamer LoL Rybson
38%
Moment Radości Szeli
38%
Najlepszy streamer CS NEEX
33%
Wtopa Roku Nieuczesana
29%
Najlepszy Odtwarzacz Young Multi
29%
Cringe Sytuacja Roku Bagieta
25%
Wydarzenie Roku Bita Śmietanka
25%
Ucięty shot Gucio
25%
Najlepszy streamer IRL Mokry Suchar
25%
Shot roku Bedoes 2115
21%
Stream roku "KacKioto" - Mokry Suchar, Overpow, Slayproxx, RandomBruce
21%
Najgorsze Zagranie Roku Pago
21%
Honorable Mention Szklana
17%
Teraz rodzina Dejvid TibijskiZadymiarz
13%
Schiza roku Gucio
13%
Typowy Streamer Adamcy
8%
Rizzler Adamcy
8%
Rage roku Luckyluke1980
8%
Krótki shot Gangamurun
4%
Niefart roku LukiSteve
4%
Fart Roku Arquel
0%
Timing roku Coppery Diana
0%
Najlepsze Zagranie Roku Frajgo_
0%
Nie znaleziono quizów pasujących do podanych kryteriów
Rozkład punktacji
Procent ludzi z każdym wynikiem
Percentyl według liczby udzielonych odpowiedzi
Twoja historia wyników
Nie rozwiązałeś tego quizu